[Event "?"]
[Site "?"]
[Date "????.??.??"]
[Round "?"]
[White "Detter, P."]
[Black "Winiwarter, F."]
[Result "1/2-1/2"]
[WhiteElo "2086"]
[BlackElo "2167"]
[PlyCount "58"]
[EventDate "2013.??.??"]
[WhiteTeam "Salzburg"]
[BlackTeam "Österreich"]

1. d4 Nf6 2. Nf3 g6 3. c4 Bg7 4. Nc3 O-O 5. e4 d6 6. Be2 e5 7. dxe5 dxe5 8.
Qxd8 Rxd8 9. Bg5 Re8 10. Nd5 Nxd5 11. cxd5 c6 12. Bc4 cxd5 13. Bxd5 Nc6 14.
O-O-O Be6 15. Bxe6 Rxe6 16. Rd7 f6 17. Bh4 Rb8 18. Rhd1 Kf8 19. Rc7 g5 20. Bg3
Re7 21. Rdd7 Ke8 22. Rxe7+ Nxe7 23. Ne1 Rc8 24. Rxc8+ Nxc8 25. f3 Kd7 26. Bf2
Bf8 27. Nc2 a6 28. Ne3 Ke6 29. Kc2 Bd6 1/2-1/2

[Event "?"]
[Site "?"]
[Date "????.??.??"]
[Round "?"]
[White "Danner, L."]
[Black "Prochaska, J."]
[Result "1/2-1/2"]
[WhiteElo "2124"]
[BlackElo "2003"]
[PlyCount "57"]
[EventDate "2013.??.??"]
[WhiteTeam "Österreich"]
[BlackTeam "Salzburg"]

1. g3 e5 2. c4 Nc6 3. Bg2 Nf6 4. Nc3 Be7 5. Nf3 O-O 6. O-O d6 7. d4 exd4 8.
Nxd4 Bd7 9. b3 Nxd4 10. Qxd4 Bc6 11. e4 Nd7 12. Bb2 Bf6 13. Qd2 a5 14. Rad1 Qe7
15. Rfe1 Qe5 16. f4 Qc5+ 17. Kh1 Rad8 18. Nd5 Bxd5 19. cxd5 Bxb2 20. Qxb2 f6
21. Rc1 Qb6 22. Rc4 Nc5 23. Qc2 Qa7 24. a3 b5 25. Rc3 b4 26. Rc4 bxa3 27. Ra1
Qb6 28. Rxa3 Rb8 29. Bf1 1/2-1/2

[Event "?"]
[Site "?"]
[Date "????.??.??"]
[Round "?"]
[White "Vogt, L."]
[Black "Hedin, G."]
[Result "1/2-1/2"]
[WhiteElo "2402"]
[BlackElo "2125"]
[PlyCount "192"]
[EventDate "2013.??.??"]
[WhiteTeam "SC Eppingen"]
[BlackTeam "Schweden 2"]

1. e4 e6 2. d4 d5 3. Nc3 Bb4 4. e5 c5 5. a3 Bxc3+ 6. bxc3 Qa5 7. Bd2 Qa4 8. Qg4
g6 9. Qd1 c4 10. Nf3 Nc6 11. h4 h6 12. Be2 Bd7 13. h5 g5 14. Nh2 O-O-O 15. Ng4
Qa5 16. O-O Nce7 17. Qb1 Nf5 18. Qb4 Qc7 19. Ne3 f6 20. Ng4 fxe5 21. Nxe5 Be8
22. g4 Nd6 23. f3 Ne7 24. Be1 Nc6 25. Nxc6 Qxc6 26. Bg3 Nf7 27. Rae1 Bd7 28.
Bd1 Rde8 29. Rf2 Rhg8 30. Kh2 b6 31. Qb2 Kb7 32. Qc1 Bc8 33. Qe3 Qd7 34. Ref1
Re7 35. f4 gxf4 36. Bxf4 Ng5 37. Bf3 Ka6 38. Bg2 Bb7 39. Be5 Bc6 40. Rf6 Nf7
41. Bf3 Qe8 42. Bd1 Rg7 43. Qf4 Rh7 44. Rg6 Ng5 45. Rxh6 Rxh6 46. Qxg5 Rhh7 47.
Rf6 Ref7 48. Kh3 Rxf6 49. Bxf6 e5 50. Qxe5 Qf8 51. g5 Be8 52. h6 Bg6 53. Kg3
Qxa3 54. Qxd5 Qxc3+ 55. Qf3 Qe1+ 56. Kf4 Qd2+ 57. Ke5 Rd7 58. c3 Qh2+ 59. Qf4
Rd5+ 60. Kxd5 Qxf4 61. Ke6 Qe4+ 62. Kd6 Bf5 63. d5 Kb7 64. Ba4 Qf4+ 65. Ke7
Qe4+ 66. Kd6 Qf4+ 67. Ke7 Qc7+ 68. Kf8 Bg6 69. Be7 Qf4+ 70. Bf6 Kc7 71. Be8 Qf5
72. Bxg6 Qxg6 73. Ke7 Qh7+ 74. Ke6 a5 75. d6+ Kc6 76. Bg7 Qg6+ 77. Bf6 Qe4+ 78.
Be5 a4 79. Kf6 Qh7 80. Bf4 Qe4 81. Bc1 Kd7 82. g6 Qf3+ 83. Kg7 Qxc3+ 84. Kg8
Qxc1 85. h7 Qh6 86. g7 Qe6+ 87. Kh8 Qf6 88. Kg8 Qd8+ 89. Kf7 Qe8+ 90. Kf6 Qe6+
91. Kg5 Qe5+ 92. Kg6 Qxd6+ 93. Kg5 Qe5+ 94. Kg6 Qe4+ 95. Kh6 Qe6+ 96. Kg5 Qe5+
1/2-1/2

[Event "?"]
[Site "?"]
[Date "????.??.??"]
[Round "?"]
[White "Nordstrom, F."]
[Black "Sandmeier, T."]
[Result "1/2-1/2"]
[WhiteElo "2116"]
[BlackElo "2204"]
[PlyCount "118"]
[EventDate "2013.??.??"]
[WhiteTeam "Schweden 2"]
[BlackTeam "SC Eppingen"]

1. d4 Nf6 2. c4 e6 3. Nc3 Bb4 4. Qc2 c5 5. dxc5 Na6 6. a3 Bxc3+ 7. Qxc3 Nxc5 8.
f3 d6 9. e4 O-O 10. Ne2 Bd7 11. Be3 Rc8 12. b4 Na4 13. Qb3 a6 14. Rc1 b5 15.
Ng3 Re8 16. Be2 e5 17. cxb5 Rxc1+ 18. Bxc1 axb5 19. O-O Be6 20. Qe3 Qd7 21. Bd2
Nb2 22. Rc1 Ra8 23. Nf1 h6 24. Rc2 Nc4 25. Bxc4 Bxc4 26. Bc1 d5 27. exd5 Nxd5
28. Qf2 Nf4 29. Ne3 Qd3 30. Qd2 Ne2+ 31. Kf2 Nxc1 32. Qxc1 Rxa3 33. Nxc4 bxc4
34. b5 Qd4+ 35. Kg3 Ra1 36. Qd2 Qxd2 37. Rxd2 Rb1 38. Rd5 c3 39. Rc5 c2 40.
Rxc2 Rxb5 41. h4 g6 42. Rc8+ Kg7 43. Rc6 Rb3 44. Kh2 Rd3 45. Ra6 h5 46. Rb6 Rd4
47. Kg3 Rd5 48. Ra6 Kf8 49. Ra7 Ke8 50. Rb7 Rd7 51. Rb5 f6 52. Rb6 Ke7 53. Ra6
Rd6 54. Ra7+ Ke6 55. Rg7 Kf5 56. Rg8 Rd7 57. Kh3 Rd3 58. Kh2 Rd4 59. Kg3 Rd3
1/2-1/2

[Event "?"]
[Site "?"]
[Date "????.??.??"]
[Round "?"]
[White "Dekan, H."]
[Black "Korman, U."]
[Result "1-0"]
[WhiteElo "2172"]
[BlackElo "2150"]
[PlyCount "41"]
[EventDate "2013.??.??"]
[WhiteTeam "SC Eppingen"]
[BlackTeam "Schweden 2"]

1. e4 c5 2. Nf3 e6 3. d4 cxd4 4. Nxd4 a6 5. Bd3 Nf6 6. Qe2 d6 7. O-O Be7 8. Be3
O-O 9. f4 Nc6 10. Nc3 Qc7 11. Kh1 b5 12. Nxc6 Qxc6 13. e5 Nd5 14. Be4 b4 15.
Nxd5 exd5 16. Bd3 Bb7 17. Be4 Rae8 18. Qg4 Bc8 19. e6 g6 20. f5 fxe6 21. fxe6
1-0

[Event "?"]
[Site "?"]
[Date "????.??.??"]
[Round "?"]
[White "Wademark, H."]
[Black "Staub, G."]
[Result "1-0"]
[WhiteElo "2080"]
[BlackElo "2097"]
[PlyCount "75"]
[EventDate "2013.??.??"]
[WhiteTeam "Schweden 2"]
[BlackTeam "SC Eppingen"]

1. e4 c5 2. Nc3 Nc6 3. f4 a6 4. Nf3 g6 5. a4 Bg7 6. Bc4 e6 7. d3 Nge7 8. Ba2
O-O 9. O-O d5 10. Qe1 Nb4 11. Bb1 b6 12. Nd1 dxe4 13. dxe4 Bb7 14. Nf2 Qc7 15.
c3 Nbc6 16. Ng4 Rad8 17. Qh4 f6 18. e5 Nf5 19. Bxf5 exf5 20. exf6 fxg4 21. fxg7
Qxg7 22. Qxg4 Ne7 23. a5 Bc8 24. Qg3 b5 25. Qf2 c4 26. Be3 Nf5 27. Bc5 Rfe8 28.
Ne5 Bb7 29. Rad1 Ba8 30. Bb6 Rxd1 31. Rxd1 Qb7 32. Rd2 Qe4 33. Re2 Qd5 34. h3
g5 35. Kh2 h5 36. Rd2 Qe4 37. Nd7 Re6 38. Nc5 1-0

[Event "?"]
[Site "?"]
[Date "????.??.??"]
[Round "?"]
[White "Bernhardsson, S."]
[Black "Kristiansen, E."]
[Result "1/2-1/2"]
[WhiteElo "2084"]
[BlackElo "2219"]
[PlyCount "35"]
[EventDate "2013.??.??"]
[WhiteTeam "Schweden 3"]
[BlackTeam "Norwegen 1"]

1. d4 Nf6 2. Nf3 b6 3. c4 e6 4. a3 Bb7 5. Bg5 Be7 6. Nc3 O-O 7. e3 Ne4 8. Bxe7
Qxe7 9. Nxe4 Bxe4 10. Be2 d6 11. O-O Nd7 12. Rc1 c5 13. Nd2 Bb7 14. Bf3 Nf6 15.
Bxb7 Qxb7 16. Qf3 Qxf3 17. Nxf3 Rfd8 18. Rfd1 1/2-1/2

[Event "?"]
[Site "?"]
[Date "????.??.??"]
[Round "?"]
[White "Ofstad, P."]
[Black "Andersson, G."]
[Result "1/2-1/2"]
[WhiteElo "2173"]
[BlackElo "2073"]
[PlyCount "38"]
[EventDate "2013.??.??"]
[WhiteTeam "Norwegen 1"]
[BlackTeam "Schweden 3"]

1. e4 e5 2. Nf3 Nc6 3. d4 exd4 4. Nxd4 Nf6 5. Nxc6 bxc6 6. Bd3 d5 7. Nd2 Bc5 8.
O-O O-O 9. h3 Be6 10. e5 Nd7 11. Nf3 h6 12. Qe2 Bb6 13. Be3 Nc5 14. Rad1 Nxd3
15. Qxd3 c5 16. c3 Qe7 17. Rfe1 Rad8 18. Qc2 f5 19. b4 cxb4 1/2-1/2

[Event "?"]
[Site "?"]
[Date "????.??.??"]
[Round "?"]
[White "Danielsson, R."]
[Black "Steedman, J."]
[Result "1/2-1/2"]
[WhiteElo "2071"]
[BlackElo "2123"]
[PlyCount "61"]
[EventDate "2013.??.??"]
[WhiteTeam "Schweden 3"]
[BlackTeam "Norwegen 1"]

1. d4 Nf6 2. c4 e6 3. Nc3 Bb4 4. Qb3 c5 5. dxc5 Nc6 6. Nf3 Ne4 7. Bd2 Nxd2 8.
Nxd2 f5 9. g3 O-O 10. Bg2 Bxc5 11. O-O b6 12. e3 Bb7 13. Qd1 Qf6 14. Rc1 Rad8
15. Nb3 Na5 16. Nxc5 Bxg2 17. Kxg2 bxc5 18. b3 Nc6 19. Qd6 Ne5 20. f4 Ng4 21.
Rfe1 Rc8 22. Rc2 Rfd8 23. Na4 Rc6 24. Qd1 Qh6 25. h3 Nf6 26. Nc3 Qg6 27. Rd2 d6
28. Qf3 Ne4 29. Nxe4 fxe4 30. Qd1 Qf7 31. Qc2 1/2-1/2

[Event "?"]
[Site "?"]
[Date "????.??.??"]
[Round "?"]
[White "Hjertenes, O."]
[Black "Johansson, P."]
[Result "1-0"]
[WhiteElo "2096"]
[BlackElo "2007"]
[PlyCount "137"]
[EventDate "2013.??.??"]
[WhiteTeam "Norwegen 1"]
[BlackTeam "Schweden 3"]

1. Nf3 d5 2. c4 c6 3. g3 Nf6 4. Bg2 Bf5 5. O-O e6 6. b3 h6 7. Bb2 Be7 8. d3 O-O
9. Nbd2 a5 10. Re1 Bh7 11. e4 dxe4 12. dxe4 Na6 13. Ne5 Nd7 14. Nxd7 Qxd7 15.
Qg4 Bg6 16. Rad1 h5 17. Qe2 Qc7 18. h4 Bf6 19. Bxf6 gxf6 20. f4 Kh8 21. Nb1 Rg8
22. Rd2 Bh7 23. Qf2 Rad8 24. Red1 Rxd2 25. Rxd2 Qe7 26. Nc3 Qc5 27. Qxc5 Nxc5
28. Kf2 Kg7 29. Bf3 Bg6 30. Ke3 Re8 31. Ne2 Kf8 32. Nc1 Ke7 33. a3 Ra8 34. Rb2
f5 35. e5 f6 36. exf6+ Kxf6 37. Nd3 Nxd3 38. Kxd3 e5 39. fxe5+ Kxe5 40. Re2+
Kd6 41. Kd4 Rf8 42. c5+ Kd7 43. Ke3 Bf7 44. Rd2+ Ke7 45. Rd3 Kf6 46. Rd6+ Ke5
47. Rd7 Bxb3 48. Rxb7 Bd5 49. Bxh5 Rg8 50. Kf2 Kd4 51. Bf3 Kxc5 52. Bxd5 cxd5
53. Ra7 Kd4 54. Rxa5 Ke4 55. Ra7 Rb8 56. Re7+ Kd4 57. Kf3 Rb3+ 58. Kf4 Rxa3 59.
h5 Ra1 60. Kxf5 Rf1+ 61. Kg4 Kc3 62. h6 Rh1 63. Kg5 Rh3 64. Kg6 Rh1 65. h7 d4
66. g4 d3 67. Rd7 Kc2 68. Kg7 d2 69. h8=Q 1-0

[Event "?"]
[Site "?"]
[Date "????.??.??"]
[Round "?"]
[White "Glasewald, S."]
[Black "Pedersen, S."]
[Result "1/2-1/2"]
[WhiteElo "2075"]
[BlackElo "2225"]
[PlyCount "45"]
[EventDate "2013.??.??"]
[WhiteTeam "Dresden-Striesen 1990"]
[BlackTeam "Norresundby"]

1. d4 d6 2. e4 g6 3. Nc3 Bg7 4. Be3 c6 5. Be2 Nd7 6. Qd2 Qc7 7. f4 b5 8. Bf3
Nb6 9. e5 Nc4 10. Qe2 d5 11. b3 Nxe3 12. Qxe3 Nh6 13. Nge2 Nf5 14. Qf2 h5 15.
O-O a5 16. a3 e6 17. Nd1 Bf8 18. Ne3 Ba6 19. Nxf5 gxf5 20. Rfc1 b4 21. axb4
axb4 22. c4 Qb8 23. c5 1/2-1/2

[Event "?"]
[Site "?"]
[Date "????.??.??"]
[Round "?"]
[White "Holst, P."]
[Black "Deppe, C."]
[Result "1-0"]
[WhiteElo "2118"]
[BlackElo "1863"]
[PlyCount "133"]
[EventDate "2013.??.??"]
[WhiteTeam "Norresundby"]
[BlackTeam "Dresden-Striesen 1990"]

1. d4 Nf6 2. c4 e5 3. dxe5 Ng4 4. Bf4 Nc6 5. Nf3 Bb4+ 6. Nbd2 Qe7 7. e3 Ngxe5
8. Nxe5 Nxe5 9. Be2 O-O 10. O-O Bxd2 11. Qxd2 d6 12. Qc3 f6 13. Rfd1 Kh8 14.
Rac1 b6 15. b4 a5 16. a3 axb4 17. axb4 Ra2 18. Rc2 Ra7 19. c5 dxc5 20. bxc5 Bf5
21. Rcc1 Ra2 22. Bf1 Bg4 23. Rd4 bxc5 24. Qxc5 Qxc5 25. Rxc5 Ra1 26. f3 Bc8 27.
Kf2 c6 28. Bxe5 fxe5 29. Rxe5 Ba6 30. Bxa6 Rxa6 31. Rd7 Raa8 32. Ree7 Rg8 33.
g4 c5 34. h4 h6 35. h5 Kh7 36. Ke2 c4 37. Kd2 Ra3 38. Rc7 Ra2+ 39. Kc3 Rf2 40.
Rf7 Rf1 41. Kxc4 Rc1+ 42. Kd4 Rd8+ 43. Ke4 Rxc7 44. Rxc7 Re8+ 45. Kf4 Rf8+ 46.
Kg3 Re8 47. e4 Kg8 48. Kf4 Rf8+ 49. Ke3 Re8 50. Ra7 Kf8 51. Kf4 Re6 52. e5 g5+
53. hxg6 Rxg6 54. Kf5 Rb6 55. f4 h5 56. gxh5 Rh6 57. Kg5 Re6 58. Kg4 Kg8 59.
Kg5 Kf8 60. Ra5 Rb6 61. f5 Rb7 62. f6 Rb1 63. e6 Kg8 64. Kh6 Rb8 65. Kg6 Kh8
66. e7 Rg8+ 67. Kf7 1-0

[Event "?"]
[Site "?"]
[Date "????.??.??"]
[Round "?"]
[White "Groschup, G."]
[Black "Olesen, P."]
[Result "1-0"]
[WhiteElo "2010"]
[BlackElo "2054"]
[PlyCount "63"]
[EventDate "2013.??.??"]
[WhiteTeam "Dresden-Striesen 1990"]
[BlackTeam "Norresundby"]

1. d4 Nf6 2. c4 g6 3. Nc3 Bg7 4. e4 d6 5. Be2 O-O 6. Bg5 h6 7. Bf4 c6 8. Qd2
Kh7 9. h3 Qa5 10. Nf3 Nbd7 11. O-O e5 12. Be3 Re8 13. Bd3 exd4 14. Nxd4 Ne5 15.
Be2 Ned7 16. Qc2 Nf8 17. Rad1 Ne6 18. Nb3 Qc7 19. f4 a5 20. a4 b6 21. f5 gxf5
22. exf5 Nc5 23. Bf4 Nfe4 24. Nxe4 Nxe4 25. f6 Bxf6 26. Bxd6 Qd8 27. Bd3 Bd4+
28. Nxd4 Qxd6 29. Bxe4+ f5 30. Nxf5 Qc5+ 31. Nd4+ Kg8 32. Bxc6 1-0

[Event "?"]
[Site "?"]
[Date "????.??.??"]
[Round "?"]
[White "Grevlund, P."]
[Black "Barz, H."]
[Result "1/2-1/2"]
[WhiteElo "1952"]
[BlackElo "1974"]
[PlyCount "48"]
[EventDate "2013.??.??"]
[WhiteTeam "Norresundby"]
[BlackTeam "Dresden-Striesen 1990"]

1. e4 c5 2. c3 g6 3. d4 cxd4 4. cxd4 d5 5. exd5 Nf6 6. Bb5+ Bd7 7. Bc4 Bg7 8.
Nf3 O-O 9. Nc3 b5 10. Bxb5 Bxb5 11. Nxb5 Nxd5 12. Nc3 Nc6 13. O-O Qd7 14. Be3
Rad8 15. Qe2 h6 16. Rfd1 Rb8 17. Rac1 e6 18. Rd2 Rbc8 19. a3 Na5 20. Rdc2 Nb3
21. Rb1 Rc7 22. Nxd5 Rxc2 23. Qxc2 Qxd5 24. h3 Nxd4 1/2-1/2

[Event "?"]
[Site "?"]
[Date "????.??.??"]
[Round "?"]
[White "Weiß, W."]
[Black "Beltz, M."]
[Result "1-0"]
[WhiteElo "2189"]
[BlackElo "2090"]
[PlyCount "77"]
[EventDate "2013.??.??"]
[WhiteTeam "BSW/DBAG 1"]
[BlackTeam "Deutschland Frauen"]

1. e4 c5 2. d4 cxd4 3. c3 d3 4. c4 Nf6 5. Nc3 d6 6. Bxd3 e6 7. Nf3 Be7 8. O-O
Nbd7 9. Qe2 Nc5 10. Bc2 Bd7 11. Rd1 e5 12. h3 Rc8 13. Bg5 Ne6 14. Bxf6 gxf6 15.
Nd5 Rg8 16. Kh2 Rc5 17. Rg1 Qc8 18. Bd3 a5 19. Qd2 Rg6 20. Nh4 Rg5 21. Nf5 Rxf5
22. exf5 Nd4 23. Ne3 Bf8 24. Nd5 Be7 25. Nb6 Qc6 26. Nxd7 Kxd7 27. Rge1 Bf8 28.
Be4 Qa6 29. Bd5 Nxf5 30. Qd3 Nh6 31. Qxh7 Ke7 32. b3 Rc7 33. Re4 Qb6 34. Rf1 f5
35. Rh4 Ke8 36. Qh8 Ke7 37. Rxh6 Bxh6 38. Qxh6 Qd4 39. Qg5+ 1-0

[Event "?"]
[Site "?"]
[Date "????.??.??"]
[Round "?"]
[White "Burchardt, B."]
[Black "Kugelmann, W."]
[Result "0-1"]
[WhiteElo "2201"]
[BlackElo "2143"]
[PlyCount "68"]
[EventDate "2013.??.??"]
[WhiteTeam "Deutschland Frauen"]
[BlackTeam "BSW/DBAG 1"]

1. e4 e6 2. d4 d5 3. Nd2 Nf6 4. e5 Nfd7 5. c3 c5 6. Bd3 Nc6 7. Ne2 cxd4 8. cxd4
f6 9. f4 fxe5 10. fxe5 Nxd4 11. Nxd4 Qh4+ 12. g3 Qxd4 13. Nf3 Bb4+ 14. Kf1 Qb6
15. Bf4 Be7 16. b3 Nc5 17. Bc2 O-O 18. Kg2 Ne4 19. Qe2 Bd7 20. a4 Rac8 21. Rhf1
Rc3 22. Rad1 Be8 23. Bxe4 dxe4 24. Nd4 a5 25. Qb2 Rd3 26. Rxd3 exd3 27. Qc3 Bc5
28. Be3 Bc6+ 29. Kg1 Rd8 30. Rf4 Bd5 31. Qxd3 Bxb3 32. Bf2 Bd5 33. h4 Qb2 34.
Be3 Qg2# 0-1

[Event "?"]
[Site "?"]
[Date "????.??.??"]
[Round "?"]
[White "Boehm, E."]
[Black "Nobis, M."]
[Result "1-0"]
[WhiteElo "2221"]
[BlackElo "1846"]
[PlyCount "120"]
[EventDate "2013.??.??"]
[WhiteTeam "BSW/DBAG 1"]
[BlackTeam "Deutschland Frauen"]

1. e4 g6 2. Nc3 Bg7 3. g3 d6 4. Bg2 c5 5. d3 Nc6 6. Be3 e6 7. Qd2 Rb8 8. f4
Nge7 9. Nf3 Nd4 10. O-O O-O 11. Ne1 b5 12. a3 a5 13. Nd1 a4 14. Qf2 Qc7 15. Rb1
Ba6 16. g4 f5 17. h3 fxe4 18. Bxe4 Nd5 19. Bxd5 exd5 20. c3 Nb3 21. Qc2 d4 22.
cxd4 Nxd4 23. Qd2 Bb7 24. Nc3 Qc6 25. Kh2 Rbe8 26. Ne4 Nb3 27. Qf2 d5 28. Ng3
d4 29. Bd2 Nxd2 30. Qxd2 Qd6 31. Ng2 Re7 32. Rf2 Ref7 33. Rbf1 Qc7 34. Kg1 g5
35. Nh5 Bxg2 36. Kxg2 gxf4 37. Qe2 Be5 38. Qe4 Qd6 39. Rf3 c4 40. Qe2 c3 41.
Re1 Bg7 42. Qc2 Rc7 43. Re4 Be5 44. Rf2 Rc6 45. Kf3 Qc7 46. Rfe2 Rc5 47. bxc3
dxc3 48. d4 Bxd4 49. Rxd4 Qc6+ 50. Ree4 Re5 51. Nxf4 Rxf4+ 52. Kxf4 Qf6+ 53.
Kg3 Rxe4 54. Rxe4 Qd6+ 55. Kf2 Qxa3 56. Qd3 Qf8+ 57. Ke2 b4 58. Qd5+ Kh8 59.
Qd4+ Kg8 60. Qxb4 Qa8 1-0

[Event "?"]
[Site "?"]
[Date "????.??.??"]
[Round "?"]
[White "Gottschall, I."]
[Black "Fleuch, H."]
[Result "0-1"]
[WhiteElo "1731"]
[BlackElo "2064"]
[PlyCount "124"]
[EventDate "2013.??.??"]
[WhiteTeam "Deutschland Frauen"]
[BlackTeam "BSW/DBAG 1"]

1. d4 Nc6 2. c4 d5 3. Nf3 Bg4 4. e3 e6 5. cxd5 exd5 6. Be2 Bb4+ 7. Nc3 Qd7 8.
O-O Nf6 9. Qb3 O-O 10. Ne5 Nxe5 11. dxe5 Bxc3 12. Bxg4 Nxg4 13. Qxc3 f6 14.
exf6 Nxf6 15. b3 Rae8 16. Bb2 c6 17. Rad1 Qe6 18. Rde1 Rf7 19. Qd4 b6 20. b4
Nd7 21. Ba3 Ne5 22. f3 Nc4 23. Bc1 Qe5 24. Qxe5 Rxe5 25. e4 Rfe7 26. Rd1 dxe4
27. fxe4 Rxe4 28. Bg5 Re8 29. Rd7 Ne5 30. Rxa7 h6 31. Bf4 Nd3 32. Bd2 R8e7 33.
Ra6 Re2 34. Bc3 Rc2 35. Bd4 Ree2 36. Ra8+ Kh7 37. Kh1 Rxg2 38. Bg1 Nxb4 39. a3
Nd5 40. Ra7 Rg6 41. Ra8 c5 42. Rd8 Nf6 43. Rb8 Nd7 44. Rb7 Ne5 45. Rb8 Nc4 46.
a4 Ra2 47. Ra8 Re2 48. Rf2 Re4 49. Rd8 Reg4 50. Rf1 Ne5 51. a5 bxa5 52. Bxc5 a4
53. Rff8 Rc6 54. Rh8+ Kg6 55. Rd6+ Rxd6 56. Bxd6 Nd3 57. h3 Rd4 58. Ba3 Nf2+
59. Kg2 Nxh3 60. Ra8 Nf4+ 61. Kf3 Rd3+ 62. Kxf4 Rxa3 0-1

[Event "?"]
[Site "?"]
[Date "????.??.??"]
[Round "?"]
[White "Hülsmann, J."]
[Black "Westerinen, H."]
[Result "0-1"]
[WhiteElo "2180"]
[BlackElo "2283"]
[PlyCount "52"]
[EventDate "2013.??.??"]
[WhiteTeam "Mattadore Rheinld"]
[BlackTeam "Finnland"]

1. d4 Nf6 2. Bg5 d5 3. Bxf6 exf6 4. e3 Bf5 5. Bd3 Bxd3 6. Qxd3 c6 7. Ne2 Bd6 8.
Nd2 O-O 9. O-O Re8 10. e4 Na6 11. a3 Nc7 12. c4 dxc4 13. Qxc4 Ne6 14. Rad1 Qc7
15. g3 Rad8 16. b4 a5 17. Nb3 axb4 18. axb4 Qe7 19. Nc5 f5 20. e5 Bxc5 21. dxc5
Ng5 22. f4 Nf3+ 23. Kf2 Nd2 24. Qc2 Nxf1 25. Rxf1 f6 26. Qxf5 fxe5 0-1

[Event "?"]
[Site "?"]
[Date "????.??.??"]
[Round "?"]
[White "Vinke, D."]
[Black "Groß, W."]
[Result "1/2-1/2"]
[WhiteElo "2225"]
[BlackElo "2223"]
[PlyCount "22"]
[EventDate "2013.??.??"]
[WhiteTeam "Finnland"]
[BlackTeam "Mattadore Rheinld"]

1. Nf3 c5 2. g3 Nc6 3. Bg2 g6 4. O-O Bg7 5. e4 e6 6. c3 Nf6 7. Re1 O-O 8. d4 d5
9. e5 Nd7 10. Bg5 Qb6 11. Qd2 f6 1/2-1/2

[Event "?"]
[Site "?"]
[Date "????.??.??"]
[Round "?"]
[White "Kurka, D."]
[Black "Morant, P."]
[Result "1-0"]
[WhiteElo "2069"]
[BlackElo "2166"]
[PlyCount "37"]
[EventDate "2013.??.??"]
[WhiteTeam "Mattadore Rheinld"]
[BlackTeam "Finnland"]

1. d4 d5 2. c4 e6 3. g3 Nc6 4. Nf3 Nf6 5. Bg2 Bb4+ 6. Bd2 Be7 7. O-O O-O 8. Bf4
dxc4 9. Qc2 Nd5 10. Rd1 Ncb4 11. Qxc4 b6 12. Nc3 Ba6 13. Qb3 Nxc3 14. bxc3 Nd5
15. Ne5 Rc8 16. Nc6 Qd7 17. Bxd5 exd5 18. Qxd5 Qxd5 19. Nxe7+ 1-0

[Event "?"]
[Site "?"]
[Date "????.??.??"]
[Round "?"]
[White "Kivipelto, K."]
[Black "Neumann, H."]
[Result "1/2-1/2"]
[WhiteElo "2177"]
[BlackElo "1908"]
[PlyCount "38"]
[EventDate "2013.??.??"]
[WhiteTeam "Finnland"]
[BlackTeam "Mattadore Rheinld"]

1. Nf3 d5 2. c4 c6 3. g3 Nf6 4. b3 Bg4 5. Bg2 Nbd7 6. Bb2 e6 7. O-O Bd6 8. d4
O-O 9. Nbd2 Qe7 10. Ne5 Bh5 11. Re1 Ba3 12. Qc1 Bxb2 13. Qxb2 Nxe5 14. dxe5 Nd7
15. e4 f6 16. exf6 Qxf6 17. Qxf6 Nxf6 18. exd5 exd5 19. cxd5 cxd5 1/2-1/2

[Event "?"]
[Site "?"]
[Date "????.??.??"]
[Round "?"]
[White "Fossum, W."]
[Black "Norman, K."]
[Result "0-1"]
[WhiteElo "1994"]
[BlackElo "2172"]
[PlyCount "83"]
[EventDate "2013.??.??"]
[WhiteTeam "Blindern Oldtimers"]
[BlackTeam "England 1"]

1. f4 Nf6 2. Nf3 g6 3. g3 Bg7 4. Bg2 O-O 5. d3 d5 6. e3 c5 7. O-O Nc6 8. Nc3 d4
9. Ne4 Nxe4 10. dxe4 dxe3 11. c3 e5 12. Bxe3 b6 13. fxe5 Ba6 14. Rf2 Qxd1+ 15.
Rxd1 Nxe5 16. Nxe5 Bxe5 17. Bf4 Rfe8 18. Bxe5 Rxe5 19. Rd7 Bc4 20. b3 Be6 21.
Rd6 Kf8 22. Rfd2 Ke7 23. Kf2 g5 24. c4 Rf8 25. R6d3 f5 26. exf5 Rexf5+ 27. Ke1
Re5+ 28. Re2 Rxe2+ 29. Kxe2 h6 30. Bf3 Rf5 31. Re3 Kd6 32. Kd2 Bf7 33. Kc3 Bg6
34. a3 Rf8 35. h3 Re8 36. Rxe8 Bxe8 37. g4 Ke5 38. Kd3 Bg6+ 39. Ke3 a6 40. Be2
Bf7 41. Kf2 Ke4 42. b4 0-1

[Event "?"]
[Site "?"]
[Date "????.??.??"]
[Round "?"]
[White "Yeo, M."]
[Black "Mundal, A."]
[Result "1-0"]
[WhiteElo "2170"]
[BlackElo "1937"]
[PlyCount "31"]
[EventDate "2013.??.??"]
[WhiteTeam "England 1"]
[BlackTeam "Blindern Oldtimers"]

1. e4 e6 2. d4 b6 3. Nc3 Bb7 4. Bd3 f5 5. exf5 Bxg2 6. Qh5+ g6 7. fxg6 Bg7 8.
gxh7+ Kf8 9. Nf3 Nf6 10. Qh4 Bxh1 11. Ne5 Nc6 12. Bg5 Qe8 13. Bxf6 Nxe5 14.
Bxg7+ Kxg7 15. dxe5 Qf8 16. Qg5+ 1-0

[Event "?"]
[Site "?"]
[Date "????.??.??"]
[Round "?"]
[White "Lerstad, B."]
[Black "Byway, P."]
[Result "0-1"]
[WhiteElo "1918"]
[BlackElo "2140"]
[PlyCount "70"]
[EventDate "2013.??.??"]
[WhiteTeam "Blindern Oldtimers"]
[BlackTeam "England 1"]

1. e4 c5 2. Nf3 e6 3. d4 cxd4 4. Nxd4 Nf6 5. Bd3 Nc6 6. Be3 d5 7. Nd2 e5 8.
Nxc6 bxc6 9. Bg5 Be7 10. O-O O-O 11. Kh1 Be6 12. Qe2 dxe4 13. Nxe4 Nd5 14. Bxe7
Qxe7 15. Nd2 f6 16. Bc4 Nf4 17. Bxe6+ Qxe6 18. Qc4 Rfd8 19. Qxe6+ Nxe6 20. Rfd1
Rd5 21. Nb3 Rad8 22. Rxd5 cxd5 23. c3 Rb8 24. Rd1 a5 25. Rxd5 a4 26. Nd2 Rxb2
27. g3 Rxa2 28. Kg2 Nd4 29. Nc4 Ne2 30. Rc5 Kf7 31. Kf3 Ke6 32. Ne3 a3 33. Nc4
Nc1 34. Ra5 Nd3 35. Rxa3 Rc2 0-1

[Event "?"]
[Site "?"]
[Date "????.??.??"]
[Round "?"]
[White "Ghijsen, P."]
[Black "Vucenovic, D."]
[Result "1/2-1/2"]
[WhiteElo "2187"]
[BlackElo "2271"]
[PlyCount "80"]
[EventDate "2013.??.??"]
[WhiteTeam "VAS"]
[BlackTeam "Schweiz"]

1. d4 d5 2. Nf3 c6 3. c3 Nf6 4. Bf4 e6 5. e3 Bd6 6. Ne5 Bxe5 7. Bxe5 Nbd7 8.
Bxf6 Nxf6 9. Nd2 Qc7 10. f4 b6 11. Bd3 a5 12. Qe2 c5 13. O-O Bb7 14. Rac1 O-O
15. Rce1 Ne4 16. Nxe4 dxe4 17. Bc4 Rac8 18. b3 Bd5 19. Bxd5 exd5 20. dxc5 Qxc5
21. Rc1 Rfd8 22. Rfd1 b5 23. Rd4 g6 24. Qd2 f5 25. Kf2 Kg7 26. c4 bxc4 27. bxc4
Qa3 28. Rd1 Rb8 29. Rxd5 Rxd5 30. Qxd5 Qxa2+ 31. Rd2 Qb3 32. Qxa5 Kh6 33. Qe5
Ra8 34. c5 Ra2 35. Qd4 Rxd2+ 36. Qxd2 Qc4 37. Qd4 Qc2+ 38. Kf1 Qc1+ 39. Kf2
Qc2+ 40. Kf1 Qc1+ 1/2-1/2

[Event "?"]
[Site "?"]
[Date "????.??.??"]
[Round "?"]
[White "Bhend, E."]
[Black "Lindner, J."]
[Result "1-0"]
[WhiteElo "2221"]
[BlackElo "2157"]
[PlyCount "50"]
[EventDate "2013.??.??"]
[WhiteTeam "Schweiz"]
[BlackTeam "VAS"]

1. b3 f5 2. Bb2 d6 3. f4 e6 4. Nf3 Nf6 5. g3 Be7 6. Bg2 O-O 7. O-O Qe8 8. e3
Nc6 9. Nc3 e5 10. d3 Bd7 11. Qe2 Qh5 12. Rae1 Rae8 13. fxe5 dxe5 14. Nd2 Qh6
15. Nd5 Bc5 16. Nxf6+ Rxf6 17. Kh1 Kh8 18. a3 Rg6 19. Qf2 Rg4 20. d4 exd4 21.
exd4 Rxe1 22. Rxe1 Nxd4 23. b4 Bb6 24. Nc4 Nf3 25. Qxf3 Rxc4 1-0

[Event "?"]
[Site "?"]
[Date "????.??.??"]
[Round "?"]
[White "Jongsma, A."]
[Black "Illi, H."]
[Result "1/2-1/2"]
[WhiteElo "2148"]
[BlackElo "2129"]
[PlyCount "93"]
[EventDate "2013.??.??"]
[WhiteTeam "VAS"]
[BlackTeam "Schweiz"]

1. e4 c6 2. d3 d5 3. Nd2 e5 4. Ngf3 Nd7 5. g3 Ngf6 6. Bg2 Be7 7. O-O dxe4 8.
dxe4 O-O 9. Qe2 Re8 10. Nc4 Qc7 11. a4 b6 12. Nh4 Ba6 13. Nf5 Bf8 14. b3 Nc5
15. Bg5 Nfd7 16. Rfd1 Ne6 17. Be3 g6 18. Nh6+ Bxh6 19. Bxh6 Ndf8 20. c3 Rad8
21. Bf1 Rxd1 22. Rxd1 Rd8 23. Qc2 Rxd1 24. Qxd1 Bxc4 25. Bxc4 Qd7 26. Qe2 Qd8
27. h4 Qd6 28. Qf3 Qe7 29. h5 Qd8 30. Qg4 Qf6 31. Be3 c5 32. Kg2 Kg7 33. Qd1
Qd8 34. Qd5 Qxd5 35. exd5 Nd8 36. h6+ Kf6 37. a5 Nb7 38. axb6 axb6 39. f4 Na5
40. fxe5+ Kxe5 41. Bf4+ Ke4 42. Bb5 Kxd5 43. Bc7 Nxb3 44. Bxb6 c4 45. Be8 Ke6
46. Bb5 Kd5 47. Be8 1/2-1/2

[Event "?"]
[Site "?"]
[Date "????.??.??"]
[Round "?"]
[White "Pauchard, P."]
[Black "Van Dongen, R."]
[Result "1/2-1/2"]
[WhiteElo "2106"]
[BlackElo "1986"]
[PlyCount "51"]
[EventDate "2013.??.??"]
[WhiteTeam "Schweiz"]
[BlackTeam "VAS"]

1. e4 e6 2. d4 d5 3. exd5 exd5 4. Nf3 Nf6 5. Bd3 Be7 6. h3 O-O 7. O-O c6 8. Re1
Re8 9. c4 dxc4 10. Bxc4 Nd5 11. Nc3 Be6 12. Bd3 Nd7 13. a3 Bf6 14. Ne4 Nf8 15.
Nxf6+ Nxf6 16. Bg5 h6 17. Bh4 g5 18. Bg3 Qd5 19. Re5 Qd7 20. Nxg5 hxg5 21.
Rxg5+ Ng6 22. Be5 Nh7 23. Bxg6 Nxg5 24. Qh5 f6 25. Bxf6 Nh7 26. Be5 1/2-1/2